00642cam a2200217Ia 4500020001500000040000800015082002600023100002000049245003500069246001000104246000800114260010900122300002700231650001700258650001500275650002200290650002500312650001800337650002600355650004300381 a0930829549 cTEF04a720 DCD 2005 C149 Or.1 aDollens, Dennis10aDigital-botanic architecture /13aD-B-A3 aDBA aSanta Fe :bSITES Books ;aSt. Paul, MN :bDistributed by Consortium Book Sales and Distribution,cc2005 a96 p. :bill. ;c22 cm 0aArchitecture 0aMorphology 0aStructural design 0aArchitectural design 0aBotany in art 0aComputer-aided design 0aDecoration and ornament, Architectural